Voyage en Egypte (1869) : journal publié d'après le carnet manuscrit /

محفوظ في:

المؤلف الرئيسي: Fromentin, Eugène, 1820-1876. (مؤلف)

مؤلفون آخرون: Carré, Jean-Marie, 1887-1958.

التنسيق: كتاب

اللغة: French

منشور في: Paris : Éditions Montaigne, Fernand Aubier, éditeur, 1935.

سلاسل: Collection des textes rares ou inedits.

الموضوعات:

الوسوم: إضافة وسم

لا توجد وسوم, كن أول من يضع وسما على هذه التسجيلة!

رقم الطلب: DT55 .F87 1935

LEADER 01023namaa2200253 4500
001 23618
003 OSt
005 20211222064937.0
008 130303s1935 fr abcfg 000 0 fre d
952 |0 0  |1 0  |2 lcc  |4 0  |6 DT0055 F87 01935  |7 1  |9 23927  |a ARCE  |b ARCE  |d 2021-12-22  |l 0  |o DT55 .F87 1935  |p 1022126  |r 2021-12-22 00:00:00  |w 2021-12-22  |y BK 
999 |c 23664  |d 23664 
040 |c ARCE Library 
043 |a f-ua--- 
050 4 |a DT55 .F87 1935 
100 1 |a Fromentin, Eugène,  |d 1820-1876.  |e author  |9 30332 
245 1 0 |a Voyage en Egypte (1869) :   |b journal publié d'après le carnet manuscrit /   |c avec introduction et notes par Jean-Marie Carré. 
264 1 |a Paris :   |b Éditions Montaigne, Fernand Aubier, éditeur,   |c 1935. 
300 |a 158 pages :   |b illustrations, map, plates, portraits ;   |c 19 cm.  
490 0 |a Collection des textes rares ou inedits. 
504 |a  "Bibliographic sommaire." : p. [7]. 
651 0 |a Egypt  |x Description and travel. 
700 1 |a Carré, Jean-Marie,   |d 1887-1958. 
901 |a reviewed 
942 |c BK  |2 lcc